| 000 | 01030cam a22003254a 4500 | ||
|---|---|---|---|
| 001 | 14887879 | ||
| 003 | EG-ScBUE | ||
| 005 | 20250309091017.0 | ||
| 008 | 070612t2007 gw a f b 001 0 eng d | ||
| 020 | _a9783540368045 (acidfree paper) | ||
| 040 |
_aDLC _beng _erda _cDLC _dEG-ScBUE |
||
| 082 | 0 | 4 |
_222 _a530.1 _bKRE |
| 100 | 1 |
_aKrey, Uwe, _eauthor. |
|
| 245 | 1 | 0 |
_aBasic theoretical physics : _ba concise overview / _cUwe Krey, Anthony Owen. |
| 250 | _a1st ed. | ||
| 264 | 1 |
_aBerlin : _bSpringer, _c[2007] |
|
| 264 | 4 | _cc2007 | |
| 300 |
_axv, 452 pages : _billustrations ; _c24 cm |
||
| 336 |
_2rdacontent _atext _btxt |
||
| 337 |
_aunmediated _2rdamedia _bn |
||
| 338 |
_avolume _bnc _2rdacarrier |
||
| 504 | _aIncludes bibliographical references and index. | ||
| 650 | 7 |
_aPhysics. _2BUEsh |
|
| 650 | 7 |
_aPhysics. _2BUEsh |
|
| 650 | 7 |
_aQuantum theory. _2BUEsh _91883 |
|
| 655 | _vReading book | ||
| 700 | 1 |
_aOwen, Anthony, _d1945- _eauthor. |
|
| 942 |
_2ddc _cBB |
||
| 999 |
_c10474 _d10474 |
||